000 00410 a2200145 4500
000 nam a22 7a 4500
005 20260428171125.0
020 _a9780262549349
100 _aJulian Togelius
_91235923
245 _aArtificial General Intelligence
260 _bThe MIT Press
_c2024
440 _aThe MIT Press Essential Knowledge
_91235924
490 _aThe MIT Press Essential Knowledge
942 _cTEXL
999 _c1848622
_d1848622